| 000 | 00402nam a2200109 4500 | ||
|---|---|---|---|
| 999 |
_c11165 _d11165 |
||
| 008 | 181015b ||||| |||| 00| 0 eng d | ||
| 245 |
_aNational defense: _brecognizing the gallantry of combat soldiers and police. |
||
| 260 |
_aSan Miguel, Manila : _bOP-Bureau of Communications Services, _c2013-©2014. |
||
| 300 |
_av22 n6, pages 24-25; _c23cm. |
||
| 650 | 0 |
_932217 _aMilitary readiness |
|
| 942 |
_2ddc _cPER |
||